Jasper and the wolf

Bibliographic Details
Main Author: Naima Gany Shaik Dawood
Corporate Authors: Series, Title
Format: Book
Published: Selangor : Nikaz publication , 2006
Series:Farmer Roy's tenants
Subjects:

MARC

LEADER 00000cam a2200000 7i4500
001 0000001679
005 20220105103924.0
008 070706
020 |a 9831881508(set) 
020 |a 9831881567 
090 0 0 |a JP   |b ENG (2144) 
100 0 |a Naima Gany Shaik Dawood 
245 1 0 |a Jasper and the wolf   |c Naima Gany Shaik Dawood 
260 |a Selangor :   |b Nikaz publication ,   |c 2006 
440 0 |a Farmer Roy's tenants 
500 |a Children age 4-6 years old (yellow) 
650 0 |a Animals   |x Fiction 
650 0 |a Children stories, English 
710 0 |a Series 
710 0 |a Title 
999 |a 0000962568   |b Book   |c Children Collection   |e Perbadanan Perpustakaan Awam Johor 
999 |a 0000962569   |b Book   |c Children Collection   |e Perbadanan Perpustakaan Awam Johor 
999 |a 0000962570   |b Book   |c Children Collection   |e Perbadanan Perpustakaan Awam Johor 
999 |a 0000963396   |b Book   |c Children Collection   |e Cawangan Segamat 
999 |a 0001147790   |b Book   |c Children Collection   |e Cawangan Taman Universiti 
999 |a 0001147806   |b Book   |c Children Collection   |e Cawangan Taman Universiti 
999 |a 0001147807   |b Book   |c Children Collection   |e Cawangan Segamat 
999 |a 0001147809   |b Book   |c Children Collection   |e Cawangan Bandar Penawar 
999 |a 0001147810   |b Book   |c Children Collection   |e Cawangan Bukit Gambir 
999 |a 0001147811   |b Book   |c Children Collection   |e Cawangan Tangkak 
999 |a 0001147841   |b Book   |c Children Collection   |e Cawangan Taman Universiti 
999 |a 0001147860   |b Book   |c Children Collection   |e Cawangan Bandar Penawar